[Event "POL-ch Academic (Women)"]
[Site "Katowice"]
[Date "2020.11.13"]
[Round "1"]
[White "Antolak, Julia"]
[Black "Szultka, Agata"]
[Result "1-0"]
[WhiteElo "2313"]
[BlackElo "1851"]
[PlyCount "69"]
[EventDate "2020.11.13"]
[EventType "swiss (rapid)"]
[EventRounds "9"]
[EventCountry "POL"]
[SourceTitle "CBM 199 Extra"]
[Source "ChessBase"]
[SourceDate "2021.01.31"]
[SourceVersion "1"]
[SourceVersionDate "2021.01.31"]
[SourceQuality "1"]

1. e4 d5 2. exd5 Qxd5 3. Nc3 Qa5 4. d4 Nf6 5. Bc4 c6 6. h3 Bf5 7. Nf3 e6 8. Bd2 Qc7 9. Bb3 Nbd7 10. Qe2 Be7 11. 0-0-0 Nd5 12. Rhe1 Nxc3 13. Bxc3 Nf6 14. Ne5 Ne4 15. Bd2 Nxd2 16. Qxd2 0-0 17. g4 Bg6 18. f4 Kh8 19. Qe2 c5 20. f5 exf5 21. Nxg6+ fxg6 22. Qxe7 Qf4+ 23. Qe3 Qxe3+ 24. Rxe3 cxd4 25. Rxd4 fxg4 26. hxg4 h5 27. gxh5 gxh5 28. Re5 g6 29. Rd6 Kg7 30. Re7+ Kh6 31. Bf7 h4 32. Rxg6+ Kh5 33. Rg1+ Kh6 34. Re6+ Kh7 35. Re5 1-0